[Event "Stuttgart-chB int"]
[Site "Gerlingen"]
[Date "2007.05.17"]
[Round "1"]
[White "Grotheer, Olaf"]
[Black "Polarczyk, Thomas"]
[Result "1-0"]
[WhiteElo "1631"]
[BlackElo "1221"]
[PlyCount "69"]
[EventDate "2007.05.17"]
[EventType "swiss"]
[EventRounds "7"]
[EventCountry "GER"]
[SourceTitle "EXT 2018"]
[Source "ChessBase"]
[SourceDate "2017.10.13"]
[SourceVersion "1"]
[SourceVersionDate "2017.10.13"]
[SourceQuality "1"]

1. d4 Nf6 2. c4 g6 3. Nf3 d5 4. e3 Bg7 5. Nc3 dxc4 6. Bxc4 0-0 7. 0-0 Bg4 8. Be2 e6 9. Bd2 Nbd7 10. Rc1 c6 11. Na4 Rc8 12. Bb4 Re8 13. h3 Bxf3 14. Bxf3 Nd5 15. Ba3 Bf8 16. Bxf8 Rxf8 17. Qb3 Rc7 18. Rc2 N7b6 19. Rfc1 Nxa4 20. Qxa4 a6 21. Qc4 Qd6 22. a3 Rfc8 23. b4 Qe7 24. Qc5 Qxc5 25. Rxc5 Kf8 26. e4 Nf6 27. d5 exd5 28. exd5 Nd7 29. R5c3 Nb8 30. a4 Ke7 31. Re1+ Kd6 32. dxc6 Rxc6 33. Rd3+ Kc7 34. Bxc6 Kxc6 35. Rc1+ 1-0

[Event "Stuttgart-chB int"]
[Site "Ditzingen"]
[Date "2006.05.28"]
[Round "7"]
[White "Grotheer, Olaf"]
[Black "Herbst, Rudolf"]
[Result "1/2-1/2"]
[WhiteElo "1693"]
[BlackElo "1505"]
[PlyCount "33"]
[EventDate "2006.05.25"]
[EventType "swiss"]
[EventRounds "7"]
[EventCountry "GER"]
[SourceTitle "EXT 2018"]
[Source "ChessBase"]
[SourceDate "2017.10.13"]
[SourceVersion "1"]
[SourceVersionDate "2017.10.13"]
[SourceQuality "1"]

1. d4 d5 2. c4 c6 3. Nc3 Nf6 4. e3 e6 5. Nf3 Nbd7 6. Bd3 dxc4 7. Bxc4 b5 8. Bd3 a6 9. 0-0 c5 10. dxc5 Nxc5 11. Be2 Qxd1 12. Rxd1 Bb7 13. b3 Be7 14. Bb2 0-0 15. Rac1 Rfd8 16. Rxd8+ Rxd8 17. Rd1 1/2-1/2